Vacuum and Ultravacuum : Physics and Technology /
Na minha lista:
| Autor principal: | |
|---|---|
| Formato: | Livro |
| Idioma: | inglês |
| Publicado em: |
Boca Raton
CRC Press
2018
|
| Assuntos: | |
| Tags: |
Sem tags, seja o primeiro a adicionar uma tag!
|
MARC
| LEADER | 00000nam a22000003a 4500 | ||
|---|---|---|---|
| 001 | 0030460 | ||
| 003 | SK-STU | ||
| 005 | 20180118133559.8 | ||
| 007 | ta | ||
| 008 | 180118s ----xo-----e------000-0-----d | ||
| 020 | |a 978-1-4987-8204-3 | ||
| 040 | |a STU |b slo | ||
| 041 | 0 | |a eng | |
| 044 | |a xxu | ||
| 100 | 1 | |a Bello, Igor |4 aut | |
| 245 | 1 | 0 | |a Vacuum and Ultravacuum : |b Physics and Technology / |c aut. Igor Bello |
| 260 | |a Boca Raton |b CRC Press |c 2018 | ||
| 300 | |a 1036 s. | ||
| 650 | 0 | 7 | |a fyzika |
| 996 | |b 284M087578 |c M* 14073-1 |l MMST |s A |a 24 |w 0030460_0001 | ||